2023 FIBA Basketball World Cup Lebanon roster - Statistics

General Stats
  • This quiz has been taken 55 times
  • The average score is 10 of 13
Answer Stats
Position Answer % Correct
Guard Wael Arakji
98%
Guard Ali Mansour
91%
Forward Ali Haidar
86%
Coach Jad El Hajj
84%
Guard Ali Mezher
82%
Guard Amir Saoud
82%
Guard Karim Zeinoun
80%
Forward Karim Ezzedine
77%
Forward Omari Spellman
75%
Guard Sergio El Darwich
75%
Guard Jad Khalil
66%
Forward Hayk Gyokchyan
61%
Forward Mark Khoury
45%
No matching quizzes found
Score Distribution
Percent of People with Each Score
Percentile by Number Answered
Your Score History
You have not taken this quiz